MDQL
is popping MORE tags! Check the
thread
!
Quizzes
Events
Quiz Creation
Community
Videos
Private Events
Remove Ads
Sign In
Join for FREE
Feedback
Dark Mode
Quiz Categories
Sports
Geography
Music
Movies
Television
Just For Fun
Miscellaneous
History
Literature
Language
Science
Gaming
Entertainment
Religion
Holiday
For Kids
Quiz Lab
Recent
Popular Today
Quiz Kudos Today
Editor Picks
Curator Picks
Quizzes by...
Day
Popularity
Type
Ratings
Length
Year
Community
Subscriptions
Recent Discussions
Orange Saloon
Badges
Playlists
Quests
Create
Leaderboards
Showdown
Live 5
Trivia Bingo
Activity
Puzzle Library
Sporcle Events
Private Events
Virtual Trivia
Globe League
Become a Host
Pub Owners
SporcleCon
Opinionation
Our Games
Videos
Blog
Mobile Apps
Partnerships
Remove Ads and Go Orange
Feedback
Geography
Country
Landmarks
City
State
Population
World
Capital
Continent
Flags
Europe
Africa
Asia
South America
North America
Oceania
Border
Canada
United Kingdom
Topography
United States
Geography
Country
Landmarks
City
State
Population
World
Capital
Continent
Flags
Europe
Africa
Asia
South America
North America
Oceania
Border
Canada
United Kingdom
Topography
United States
Random Quiz
Search Sporcle
×
Quiz Lab
Quiz Lab
Geography
State
Type in answers that appear in a list
Type in answers that appear in a list
Classic
Best Score? Go Orange.
Top 25 Most Democratic US Metro Areas Stats
Can you name the most Democratic US metropolitan areas?
By
DJC83
3m
25 Questions
5,294 Plays
5,294 Plays
5,294 Plays
Comments
Comments
Give Quiz Kudos
Give Quiz Kudos
-
- Ratings
hide this ad
More Info
Replay
Link that replays current quiz
Next Quiz
Link to next quiz in quiz playlist
You Got
0%
They Got
Avg Score
80%
Avg Friend Score
Upgrade to see
Score Distribution
Jump to the score distribution portion of the page
Score
0/25
Timer
03:00
1
Play Today
Democratic %
Metropolitan Area
% Correct
71.89%
San Francisco
98.3%
62.61%
New York
96.2%
59.25%
Los Angeles
94.9%
60.66%
Boston
94.9%
62.79%
Washington
94.6%
62.03%
Chicago
94.1%
62.17%
Philadelphia
93.6%
60.21%
Seattle
91.7%
59.43%
Cleveland
89.6%
60.33%
Miami
89.2%
57.41%
Portland
88.9%
56.19%
Portland
88.9%
61.68%
Providence
88.1%
Democratic %
Metropolitan Area
% Correct
64.98%
Madison
86.9%
58.47%
Detroit
85.1%
58.48%
Honolulu
84.8%
60.07%
Hartford
82.8%
59.88%
El Paso
73.7%
64.42%
San Jose
73.6%
64.47%
Durham
68.1%
56.09%
Toledo
65.3%
57.79%
New Haven
64.7%
62.14%
Springfield
57.2%
58.86%
Youngstown
36.5%
61.51%
McAllen
20%
Quiz Playlist
Details
Report
Send in Message
Add To Playlist
More Info:
Percentage given is based on the average vote % for Democratic candidates in the presidential elections of 2000, 2004, and 2008.
Classic:
Type in answers that appear in a list
Quiz Source
Last Updated: Feb 16, 2017
Quiz Scoreboard
CHALLENGE
Sign Up to Join the Scoreboard
Show All
Scores
Hide
Comments
May contain spoilers
Recently Published
1-10 Letter E Words III
by El_Dandy
Language
2m
Street Fighter Characters
by Artimus82
Gaming
60s
College Basketball Coaching Resumes
by pancakes188
Sports
9m
More to Explore
Quiz From the Vault
Featured Blog Post
Where Did the Easter Bunny Come From?
hide this ad
You Might Also Like...
Tags
State Quiz
area
democratic
metro
metropolitan
Today's Top Quizzes in Geography
Browse Geography
hide this ad
Today's Top Quizzes in State
Browse State
Top Contributed Quizzes in Geography
1
Countries of the World - No Outlines Minefield
2
Top 25 Cities of France on a map
3
Any capital of a 'B' country per Continent
4
Any capital of a 'C' country per Continent
5
Closest Countries to UK A-Z
6
Any capital of a 'D' country per Continent
7
5-to-1: US Geography No Hints
8
Any capital of an 'E' country per Continent
9
Find the US States - No Outlines
10
Any capital of an 'F' country per Continent
Explore More
Trending Topics
NBA
Harry Potter
Marvel
Kpop
Disney
Crossword
Anime
Puzzle
Soccer
WWE
Pokémon
Country
The Office
Song
NFL
hide this ad
More By:
DJC83
Quiz
Plays
Rating
Category
Featured
Created
US City Population: Most Times in Top 100
144,601
4.61
Geography
Apr 11, 2011
Top MLB Starting Nines (by WAR)
122,904
4.60
Sports
Jun 9, 2011
Ain't Ain't a Word!
117,284
4.56
Language
Mar 4, 2010
MLB 2000 Runs Produced for One Franchise
100,579
4.65
Sports
Mar 5, 2011
Guess Your State?
94,421
4.12
Just For Fun
Mar 7, 2010
Go to Creator's Profile
Score Distribution
Quiz Creator Spotlight
DJC83
Follow
Send a Message
Quizzes Created
-
Created Quiz Play Count
-
More By This Creator
Popular Quizzes Today
1
Find the US States - No Outlines Minefield
2
Find the Countries of Europe - No Outlines Minefield
3
Find the US States
4
The Countries of the World
5
Risky Map Clicking: Biggest States A-Z
6
US States
7
Popular People in 1961
8
Movies - When Are They Set?
More Geography Quizzes
Erase the World by Isogram
Quiz Lab
Trending Quizzes
Risky Map Clicking: Least Populous States A-Z
1-10 Letter G Words
1-10 Letter F Words
Countries of the World: 200 Million BC
Risky Map Clicking: Next State Alphabetically
Recently Updated
Rides in Walt Disney World
pecheneg
Most Oscar Losses (Acting)
pecheneg
Beyoncé Albums
pecheneg
Leaping Animals
pecheneg
Reality TV Shows (A-Z)
bhenderson79
Rickey Henderson's Hall of Fame Teammates
pecheneg
Champions League XIs: Arsenal
pecheneg
Quick Pick: Celebrities in WWE's Hall of Fame
aduchscher
A-Z Keypad Blitz II
pecheneg
Trending Topics
Kpop
Crossword
Marvel
Anime
Harry Potter
NBA
Disney
NFL
The Office
Puzzle
Country
Song
Pokémon
WWE
Soccer
Your Account Isn't Verified!
In order to create a playlist on Sporcle, you need to verify the email address you used during registration. Go to your
Sporcle Settings
to finish the process.
Report this User
Report this user for behavior that violates our
Community Guidelines
.
Details:
Send Report
Go to the Sporcle.com Mobile Site →
Comments